[Event "26th WSCC 2016 Open 50+"]
[Site "Marianske Lazne, Czech Republic - Hotel Cristal and Continental"]
[Date "2016.11.29"]
[Round "10.55"]
[White "Habada, Jindrich"]
[Black "Krutina, Miroslav"]
[Result "1/2-1/2"]
[WhiteElo "1799"]
[BlackElo "1983"]
[PlyCount "124"]
[EventDate "2016.11.19"]

1. e4 g6 2. d4 Bg7 3. Nc3 d6 4. f4 e6 5. Nf3 Ne7 6. Bd3 b6 7. Be3 Bb7 8. Qd2
Nd7 9. O-O Nf6 10. Kh1 O-O 11. Rad1 Ng4 12. Bg1 c5 13. Be2 cxd4 14. Nxd4 Nf6
15. Bf3 d5 16. Qe1 Qc8 17. e5 Nd7 18. Ndb5 Qb8 19. Nd6 Ba6 20. Be2 Bxe2 21.
Qxe2 a6 22. Be3 Nxe5 23. fxe5 Bxe5 24. Nxf7 Rxf7 25. Rxf7 Kxf7 26. Rf1+ Kg8 27.
Bf4 Nc6 28. Bh6 Nd4 29. Qf2 Nf5 30. Bg5 Qe8 31. Re1 Bd4 32. Qd2 Bg7 33. Nxd5
Qc6 34. Nf4 e5 35. Qd5+ Qxd5 36. Nxd5 Rb8 37. Ne3 Kf7 38. Ng4 Re8 39. Nf2 Ke6
40. Kg1 Kd5 41. Kf1 Nd4 42. c3 Nc6 43. Rd1+ Ke6 44. Be3 b5 45. Ne4 Nb8 46. Ke2
h6 47. Rd6+ Kf7 48. Rb6 Bf8 49. Nd6+ Bxd6 50. Rxd6 Re6 51. Rxe6 Kxe6 52. Bxh6
Kd5 53. g4 Ke4 54. h4 Nd7 55. h5 gxh5 56. gxh5 Nf6 57. Bf8 Nxh5 58. b3 Nf4+ 59.
Kd2 Kf3 60. c4 bxc4 61. bxc4 Ne6 62. Bh6 Ke4 1/2-1/2

[Event "26th WSCC 2016 Open 50+"]
[Site "Marianske Lazne, Czech Republic - Hotel Cristal and Continental"]
[Date "2016.11.29"]
[Round "10.56"]
[White "Horak, Vladimir"]
[Black "Bartonicek, Zdenek"]
[Result "1/2-1/2"]
[WhiteElo "1961"]
[BlackElo "1894"]
[PlyCount "91"]
[EventDate "2016.11.19"]

1. d4 Nf6 2. Nf3 e6 3. e3 d5 4. Bd3 c5 5. c3 Nc6 6. Nbd2 Bd6 7. dxc5 Bxc5 8.
O-O O-O 9. e4 e5 10. exd5 Qxd5 11. Qe2 Bg4 12. Ne4 Nxe4 13. Bxe4 Qe6 14. b4 Be7
15. Re1 Bf6 16. h3 Bf5 17. b5 Bxe4 18. Qxe4 Na5 19. Ba3 Rfe8 20. Bb4 Nc4 21.
Rad1 a5 22. bxa6 bxa6 23. Rd5 a5 24. Qxc4 axb4 25. cxb4 g6 26. Red1 e4 27. Nd4
Bxd4 28. Qxd4 Rxa2 29. Re1 Ra3 30. Rd8 f5 31. Rxe8+ Qxe8 32. Qc4+ Qf7 33. Qxf7+
Kxf7 34. Rb1 Ke7 35. b5 Kd7 36. b6 Ra8 37. Kf1 Rb8 38. Ke2 Kc6 39. Ke3 Rxb6 40.
Rxb6+ Kxb6 41. g4 fxg4 42. hxg4 Kc6 43. Kxe4 Kd6 44. g5 Ke6 45. f3 Kd6 46. Kd4
1/2-1/2

[Event "26th WSCC 2016 Open 50+"]
[Site "Marianske Lazne, Czech Republic - Hotel Cristal and Continental"]
[Date "2016.11.29"]
[Round "10.57"]
[White "Molnar, Ladislav"]
[Black "Malinovsky, Petr"]
[Result "1/2-1/2"]
[WhiteElo "1738"]
[BlackElo "1957"]
[PlyCount "85"]
[EventDate "2016.11.19"]

1. e4 c5 2. f4 d5 3. exd5 Nf6 4. Nc3 Nxd5 5. Bb5+ Bd7 6. Bxd7+ Qxd7 7. Nxd5
Qxd5 8. Qf3 e6 9. d3 Nc6 10. Be3 Be7 11. Qxd5 exd5 12. Nf3 d4 13. Bd2 O-O 14.
Kf2 Bf6 15. Rhe1 Rfe8 16. a4 Kf8 17. b3 a5 18. Rxe8+ Rxe8 19. Re1 Rxe1 20. Bxe1
Ke7 21. g4 Ke6 22. h4 g6 23. Ng5+ Bxg5 24. hxg5 f6 25. Kf3 fxg5 26. fxg5 Kd5
27. Bd2 b6 28. Be1 Ne7 29. Bd2 Ke5 30. Bf4+ Ke6 31. Bd2 Kd5 32. Kf4 Nc6 33. Be1
Nd8 34. Bd2 Ne6+ 35. Kf3 Ke5 36. Kg3 Kd5 37. Kf3 Nc7 38. Bf4 Na6 39. Bd2 Ke6
40. Ke4 Nc7 41. Bf4 Nd5 42. Bd2 Ne7 43. Bf4 1/2-1/2

[Event "26th WSCC 2016 Open 50+"]
[Site "Marianske Lazne, Czech Republic - Hotel Cristal and Continental"]
[Date "2016.11.29"]
[Round "10.58"]
[White "Shaw, Meyrick"]
[Black "Vasse, Albert"]
[Result "1-0"]
[WhiteElo "1947"]
[BlackElo "1826"]
[PlyCount "117"]
[EventDate "2016.11.19"]

1. d4 d5 2. Bf4 Nf6 3. e3 e6 4. Nd2 c5 5. c3 Nc6 6. Be2 Be7 7. h3 O-O 8. Qc2
Nd7 9. Ngf3 Bf6 10. Bd6 Be7 11. dxc5 Nxc5 12. Bh2 b6 13. Rd1 Ba6 14. Bxa6 Nxa6
15. e4 Qc8 16. O-O Rd8 17. Qb1 f6 18. b4 b5 19. a4 Qb7 20. exd5 exd5 21. Qd3
Nc7 22. Bxc7 Qxc7 23. axb5 Ne5 24. Nxe5 fxe5 25. Nb3 Rac8 26. Na5 Qxc3 27. Nc6
Rxc6 28. bxc6 Qxc6 29. b5 Qb7 30. Rc1 Rb8 31. Rc6 Qxb5 32. Rc8+ Bf8 33. Qf5
Rxc8 34. Qe6+ Kh8 35. Qxc8 Qc5 36. Qe8 Qe7 37. Qa8 h6 38. Rb1 Qc5 39. g3 Kh7
40. Rb8 Be7 41. Rc8 Qa5 42. Rh8+ Kg6 43. Qc6+ Bf6 44. Qe8+ Kf5 45. Qh5+ Ke6 46.
Re8+ Kd6 47. Qf5 Qe1+ 48. Kh2 Qe4 49. Qe6+ Kc5 50. Rc8+ Kd4 51. Qc6 Qe1 52.
Qa4+ Kd3 53. Qc2+ Kd4 54. Qc5+ Ke4 55. Kg2 Qd2 56. Qxa7 Qd3 57. Qa4+ Qd4 58.
Qc2+ Qd3 59. f3+ 1-0

[Event "26th WSCC 2016 Open 50+"]
[Site "Marianske Lazne, Czech Republic - Hotel Cristal and Continental"]
[Date "2016.11.29"]
[Round "10.59"]
[White "Hrabal, Ivan"]
[Black "Panos, Jan"]
[Result "1-0"]
[WhiteElo "1932"]
[BlackElo "1845"]
[PlyCount "75"]
[EventDate "2016.11.19"]

1. e3 d5 2. f4 Nf6 3. Nf3 Bg4 4. b3 e6 5. Bb2 c6 6. Be2 Bxf3 7. Bxf3 Nbd7 8.
Nc3 h5 9. Qe2 Be7 10. O-O-O Qc7 11. h3 h4 12. Bg4 O-O-O 13. d4 Qa5 14. Kb1 Bb4
15. Qd3 Bxc3 16. Bxc3 Qa3 17. Bf3 a5 18. Bb2 Qb4 19. Bc3 Qb6 20. Qd2 Qa6 21.
Bxa5 b6 22. Bb4 Kc7 23. Qc1 Ra8 24. Qb2 Rhb8 25. Be7 c5 26. c4 Re8 27. Bxf6
Nxf6 28. dxc5 bxc5 29. Rc1 Qd6 30. Rhd1 Ra5 31. Qc3 Rea8 32. Rc2 Qa6 33. Rdd2
Ra3 34. cxd5 exd5 35. Qxc5+ Kd7 36. Bxd5 Nxd5 37. Rxd5+ Ke6 38. Re5+ 1-0

[Event "26th WSCC 2016 Open 50+"]
[Site "Marianske Lazne, Czech Republic - Hotel Cristal and Continental"]
[Date "2016.11.29"]
[Round "10.60"]
[White "Melkeraen, Terje"]
[Black "Meier, Franz"]
[Result "1-0"]
[WhiteElo "2011"]
[BlackElo "1859"]
[PlyCount "81"]
[EventDate "2016.11.19"]

1. d4 Nf6 2. Nf3 e6 3. c4 c5 4. Nc3 cxd4 5. Nxd4 a6 6. e3 Nc6 7. Be2 Bb4 8. Bd2
O-O 9. O-O d5 10. Nxc6 bxc6 11. a3 Bd6 12. Qc2 e5 13. b4 Qe7 14. c5 Bc7 15.
Rae1 e4 16. f4 Ng4 17. Bxg4 Bxg4 18. Ne2 Bxe2 19. Rxe2 a5 20. Bc3 axb4 21. axb4
Ra6 22. Qb2 f6 23. Ra1 Rfa8 24. Rxa6 Rxa6 25. Qb3 Ra8 26. Bd4 Qd7 27. h3 Bd8
28. Rc2 Rb8 29. Ra2 Qb7 30. Ra4 h6 31. Qa3 Kh7 32. Ra7 Qb5 33. Qa6 Qxb4 34.
Qxc6 Qe1+ 35. Kh2 Rb1 36. Qd7 Qg1+ 37. Kg3 Qe1+ 38. Kg4 Qe2+ 39. Kf5 Qh5+ 40.
Ke6 Be7 41. Qxe7 1-0

[Event "26th WSCC 2016 Open 50+"]
[Site "Marianske Lazne, Czech Republic - Hotel Cristal and Continental"]
[Date "2016.11.29"]
[Round "10.61"]
[White "Vieira, Alexandre Letizio"]
[Black "Polanyi, Peter"]
[Result "0-1"]
[WhiteElo "1835"]
[BlackElo "1990"]
[PlyCount "120"]
[EventDate "2016.11.19"]

1. d4 Nf6 2. Bf4 g6 3. e3 Bg7 4. Nf3 d6 5. h3 Nbd7 6. Nbd2 O-O 7. c3 Re8 8. Bc4
Nb6 9. Bb3 e6 10. O-O a5 11. a4 h6 12. Bh2 Nbd7 13. Nc4 Ne4 14. Qc2 Ndf6 15.
Ncd2 Nxd2 16. Nxd2 b6 17. e4 Bb7 18. f4 d5 19. e5 Ne4 20. Nxe4 dxe4 21. Qf2 Bf8
22. Qg3 Kh7 23. Rad1 c6 24. Qe3 c5 25. Kh1 cxd4 26. cxd4 Rc8 27. g4 Qd7 28. Rd2
Bb4 29. Rg2 Ba6 30. Rd1 Bb7 31. Bg1 Red8 32. Kh2 Rc7 33. Bc2 Rdc8 34. Bxe4 Bxe4
35. Qxe4 Qxa4 36. Rd3 Rc2 37. Rdg3 Qc6 38. Qd3 Be1 39. Rf3 Rxg2+ 40. Kxg2 Qc2+
41. Kf1 Qxb2 42. Be3 Rc3 43. Qe2 Bd2 44. Bxd2 Rxf3+ 45. Qxf3 Qxd2 46. Qe4 Qc1+
47. Kg2 Qc4 48. Kh2 Qd5 49. Qd3 Kg7 50. f5 a4 51. fxg6 fxg6 52. Qa3 Qd7 53. Qf3
Qf7 54. Qa3 Qd7 55. Qf3 b5 56. Qa3 Qf7 57. Kg3 Qf8 58. Qa2 Qe7 59. h4 Qb4 60.
Qxe6 Qb3+ 0-1

[Event "26th WSCC 2016 Open 50+"]
[Site "Marianske Lazne, Czech Republic - Hotel Cristal and Continental"]
[Date "2016.11.29"]
[Round "10.62"]
[White "Kylar, Miroslav"]
[Black "Petras, Milan"]
[Result "0-1"]
[WhiteElo "1851"]
[BlackElo "1969"]
[PlyCount "76"]
[EventDate "2016.11.19"]

1. d4 Nf6 2. c4 e6 3. Nc3 d5 4. cxd5 exd5 5. Bg5 Be7 6. e3 O-O 7. Bd3 c6 8. Qc2
Nbd7 9. Nf3 Re8 10. O-O Nf8 11. h3 g6 12. Rab1 Ne4 13. Bf4 Nxc3 14. Qxc3 a5 15.
a4 Ne6 16. Be5 f6 17. Bg3 Ng7 18. Rfe1 Bb4 19. Qb3 Bxe1 20. Rxe1 Kh8 21. Bh4 g5
22. Bg3 Re7 23. Qc2 h6 24. e4 dxe4 25. Bxe4 Be6 26. Qc5 Bd5 27. Bxd5 Rxe1+ 28.
Nxe1 Qxd5 29. Qb6 Re8 30. Nc2 Re7 31. Ne3 Qd7 32. d5 cxd5 33. Qxf6 d4 34. Qxh6+
Kg8 35. Ng4 Re6 36. Nf6+ Rxf6 37. Qxf6 d3 38. Kf1 d2 0-1

[Event "26th WSCC 2016 Open 50+"]
[Site "Marianske Lazne, Czech Republic - Hotel Cristal and Continental"]
[Date "2016.11.29"]
[Round "10.63"]
[White "Hoffmann, Michael"]
[Black "Hajsman, Ladislav"]
[Result "1-0"]
[WhiteElo "1920"]
[BlackElo "1784"]
[PlyCount "45"]
[EventDate "2016.11.19"]

1. d4 d5 2. Nf3 e6 3. c4 Nf6 4. e3 Nbd7 5. Bd3 dxc4 6. Bxc4 c6 7. O-O Bd6 8.
Nc3 O-O 9. e4 e5 10. Bg5 exd4 11. Qxd4 Bc5 12. Qd2 Qe7 13. Rad1 Re8 14. e5 Nxe5
15. Nxe5 Qxe5 16. Rfe1 Qc7 17. Bxf6 Rxe1+ 18. Rxe1 gxf6 19. Re8+ Kg7 20. Ne4 b6
21. Ng3 Be7 22. Nh5+ Kg6 23. Rg8+ 1-0

[Event "26th WSCC 2016 Open 50+"]
[Site "Marianske Lazne, Czech Republic - Hotel Cristal and Continental"]
[Date "2016.11.29"]
[Round "10.64"]
[White "Kainz, Josef"]
[Black "Shashidhar, B Rai"]
[Result "0-1"]
[WhiteElo "1907"]
[BlackElo "1306"]
[PlyCount "112"]
[EventDate "2016.11.19"]

1. d4 d5 2. Nf3 Nf6 3. c4 e6 4. g3 c5 5. Bg2 Nc6 6. O-O Be7 7. dxc5 Bxc5 8.
cxd5 exd5 9. Nc3 O-O 10. Na4 Be7 11. Bf4 Bd6 12. Bg5 Be7 13. Rc1 h6 14. Bf4 Be6
15. Nd4 Rc8 16. Nxe6 fxe6 17. Bh3 Qd7 18. Nc5 Bxc5 19. Rxc5 g5 20. Bc1 g4 21.
Bg2 h5 22. e4 Ne5 23. Rxc8 Rxc8 24. exd5 exd5 25. Bf4 Nf7 26. Qd4 Qf5 27. h4 b6
28. a4 Rc4 29. Qd1 Rc2 30. b4 Rb2 31. b5 Kh7 32. Bb8 Ne5 33. Bxe5 Qxe5 34. Re1
Qf5 35. Re7+ Kg6 36. Qd4 Qb1+ 37. Bf1 Rb4 38. Qf4 Rxf4 39. gxf4 d4 40. Kg2 d3
41. Re3 d2 42. Bd3+ Kf7 43. Bxb1 d1=Q 44. Ba2+ Kg6 45. Bb3 Qd4 46. f5+ Kg7 47.
Re7+ Kf8 48. Re3 Nd5 49. Bxd5 Qxd5+ 50. Kg3 Qxf5 51. f3 Qc5 52. Re2 Qd6+ 53.
Kg2 gxf3+ 54. Kxf3 Qd3+ 55. Re3 Qd1+ 56. Kf2 Qxa4 0-1

[Event "26th WSCC 2016 Open 50+"]
[Site "Marianske Lazne, Czech Republic - Hotel Cristal and Continental"]
[Date "2016.11.29"]
[Round "10.65"]
[White "Privoznik, Lubos"]
[Black "Koblasa, Josef"]
[Result "0-1"]
[WhiteElo "1652"]
[BlackElo "1896"]
[PlyCount "62"]
[EventDate "2016.11.19"]

1. e4 d6 2. d4 Nf6 3. Nc3 g6 4. g3 Bg7 5. Bg2 O-O 6. Nge2 Nbd7 7. h3 e5 8. Be3
Nb6 9. b3 Re8 10. O-O Bd7 11. Qd2 Qc8 12. Kh2 exd4 13. Nxd4 c6 14. Rad1 d5 15.
exd5 Nbxd5 16. Nxd5 Nxd5 17. Bxd5 cxd5 18. h4 Qc7 19. Ne2 Rad8 20. Bd4 Bb5 21.
Rfe1 Bxe2 22. Rxe2 Bxd4 23. Rxe8+ Rxe8 24. Qxd4 Qxc2 25. Rd2 Qf5 26. Qxa7 g5
27. Qxb7 gxh4 28. Qxd5 hxg3+ 29. fxg3 Re2+ 30. Rxe2 Qxd5 31. b4 Qh5+ 0-1

[Event "26th WSCC 2016 Open 50+"]
[Site "Marianske Lazne, Czech Republic - Hotel Cristal and Continental"]
[Date "2016.11.29"]
[Round "10.67"]
[White "Cesar, Geovanny"]
[Black "Dolezal, Rudolf"]
[Result "1-0"]
[WhiteElo "1942"]
[BlackElo "1744"]
[PlyCount "117"]
[EventDate "2016.11.19"]

1. d4 c5 2. d5 d6 3. c4 e6 4. e4 exd5 5. exd5 Nf6 6. Nc3 Be7 7. Bd3 Nbd7 8. Nf3
O-O 9. O-O a6 10. a4 Ng4 11. Bf4 f6 12. b3 Nge5 13. Nxe5 fxe5 14. Bg3 Nf6 15.
h3 Qe8 16. Qc2 Qh5 17. Qe2 Qxe2 18. Bxe2 Bf5 19. f3 Nh5 20. Bxe5 dxe5 21. g4
Ng3 22. gxf5 Nxf1 23. Kxf1 Rxf5 24. Ne4 Re8 25. Kg2 h6 26. Bd3 Rf4 27. Rd1 Ref8
28. Be2 b6 29. a5 Bd8 30. axb6 Bxb6 31. d6 R4f7 32. Rd5 Rf5 33. Kf2 Kf7 34. Ke3
Ke6 35. Nf2 e4 36. Rxf5 Kxf5 37. Nxe4 Ke6 38. f4 Rd8 39. Bg4+ Kf7 40. f5 g6 41.
Kf4 h5 42. fxg6+ Kxg6 43. Be6 Rf8+ 44. Ke5 Rf3 45. d7 Rxb3 46. Nxc5 Bc7+ 47.
Kd5 Rb6 48. Ne4 a5 49. c5 Rb8 50. Kc6 Bd8 51. Kd6 Rb4 52. Nc3 a4 53. c6 a3 54.
Nd5 a2 55. Ne7+ Kg7 56. Bxa2 Rd4+ 57. Nd5 Kf8 58. c7 Be7+ 59. Ke5 1-0

[Event "26th WSCC 2016 Open 50+"]
[Site "Marianske Lazne, Czech Republic - Hotel Cristal and Continental"]
[Date "2016.11.29"]
[Round "10.68"]
[White "Laloucek, Miroslav"]
[Black "Giulian, Rosemary A"]
[Result "1/2-1/2"]
[WhiteElo "1771"]
[BlackElo "1932"]
[PlyCount "67"]
[EventDate "2016.11.19"]

1. d4 e6 2. c4 Nf6 3. Nc3 Bb4 4. a3 Bxc3+ 5. bxc3 b6 6. Bf4 Bb7 7. e3 O-O 8.
Nf3 d6 9. Be2 Nbd7 10. O-O h6 11. h3 Qe7 12. Qc2 e5 13. Bh2 Rfe8 14. Rfe1 Nh7
15. Nd2 e4 16. f4 f5 17. Bg3 Nhf6 18. Kh2 Kh7 19. Bh4 Qf7 20. Qd1 g6 21. Rg1
Rg8 22. g4 fxg4 23. hxg4 g5 24. fxg5 hxg5 25. Bg3 Kg7 26. Kg2 Rh8 27. Qf1 Qg6
28. Rh1 Rxh1 29. Qxh1 Rh8 30. Qg1 Qh6 31. Qh1 Qg6 32. Qf1 Qh6 33. Qh1 Qg6 34.
Qf1 1/2-1/2

[Event "26th WSCC 2016 Open 50+"]
[Site "Marianske Lazne, Czech Republic - Hotel Cristal and Continental"]
[Date "2016.11.29"]
[Round "10.69"]
[White "Koblizek, Lubomir"]
[Black "Simon, Petr"]
[Result "1/2-1/2"]
[WhiteElo "1811"]
[BlackElo "1681"]
[PlyCount "50"]
[EventDate "2016.11.19"]

1. f4 Nf6 2. Nf3 d5 3. g3 g6 4. b3 Bg7 5. Bb2 O-O 6. Bg2 Nc6 7. d3 a6 8. h3 e6
9. O-O Ne7 10. Ne5 c5 11. Nd2 Nf5 12. Rf3 Nh5 13. Kh2 Nf6 14. Nf1 b5 15. a4 Bb7
16. g4 Ne7 17. axb5 axb5 18. Rxa8 Bxa8 19. Qa1 Qc7 20. Nd2 Bb7 21. Qc1 Rd8 22.
g5 Ne8 23. Ng4 d4 24. c4 f5 25. gxf6 Nxf6 {... 67 moves} 1/2-1/2

[Event "26th WSCC 2016 Open 50+"]
[Site "Marianske Lazne, Czech Republic - Hotel Cristal and Continental"]
[Date "2016.11.29"]
[Round "10.70"]
[White "Vlcek, Antonin"]
[Black "Bastyr, Pavel"]
[Result "0-1"]
[WhiteElo "1798"]
[BlackElo "1462"]
[PlyCount "60"]
[EventDate "2016.11.19"]

1. e4 c5 2. Nf3 d6 3. d4 cxd4 4. Nxd4 Nf6 5. Nc3 a6 6. Bg5 e6 7. Qd2 Be7 8. f4
O-O 9. O-O-O Qc7 10. g3 h6 11. Bh4 b5 12. Bg2 Bb7 13. e5 dxe5 14. Bxb7 Qxb7 15.
fxe5 Nd5 16. Nxd5 Bxh4 17. Nf6+ Bxf6 18. exf6 Qe4 19. Rhe1 Qg6 20. fxg7 Kxg7
21. h4 Ra7 22. Qc3 Kh7 23. Qc5 Nc6 24. Nxc6 Rc7 25. Qxf8 Rxc6 26. Rd2 b4 27.
Qxb4 Qxg3 28. Qe4+ f5 29. Rg2 Qc7 30. Reg1 fxe4 0-1

[Event "26th WSCC 2016 Open 50+"]
[Site "Marianske Lazne, Czech Republic - Hotel Cristal and Continental"]
[Date "2016.11.29"]
[Round "10.71"]
[White "Jesensky, Jaromir"]
[Black "Ruzicka, Tomas"]
[Result "0-1"]
[WhiteElo "1500"]
[BlackElo "1796"]
[PlyCount "68"]
[EventDate "2016.11.19"]

1. e4 e5 2. Nf3 Nf6 3. Nxe5 d6 4. Nf3 Nxe4 5. Nc3 Nf6 6. d4 d5 7. Be3 Bb4 8.
Qd3 O-O 9. a3 Ba5 10. b4 Bb6 11. Be2 Nc6 12. O-O Ne7 13. Na4 Bf5 14. Qd1 c6 15.
Ne5 Bc7 16. Bf4 Nd7 17. Nxd7 Bxd7 18. Bxc7 Qxc7 19. Nc5 Bf5 20. Re1 b6 21. Nd3
Ng6 22. Bg4 Bd7 23. Qf3 Bxg4 24. Qxg4 f5 25. Qg5 Rf6 26. Ne5 Raf8 27. Re3 f4
28. Re2 Rf5 29. Qg4 Nxe5 30. dxe5 Rxe5 31. Rxe5 Qxe5 32. Rd1 Re8 33. Kf1 d4 34.
Rd2 Qe1# 0-1

[Event "26th WSCC 2016 Open 50+"]
[Site "Marianske Lazne, Czech Republic - Hotel Cristal and Continental"]
[Date "2016.11.29"]
[Round "10.72"]
[White "De Winter, Gerard"]
[Black "Muniraju, Narayanappa"]
[Result "1/2-1/2"]
[WhiteElo "1771"]
[BlackElo "1264"]
[PlyCount "57"]
[EventDate "2016.11.19"]

1. Nf3 Nf6 2. g3 g6 3. Bg2 Bg7 4. c4 c6 5. O-O O-O 6. d4 e6 7. c5 d6 8. cxd6
Qxd6 9. Nc3 Nd5 10. e4 Nxc3 11. bxc3 Rd8 12. e5 Qc7 13. Bg5 Rd7 14. Qc1 Na6 15.
Bf6 c5 16. Qf4 Bxf6 17. Qxf6 Qd8 18. Qxd8+ Rxd8 19. Rfd1 Bd7 20. Ng5 Rab8 21.
Ne4 Ba4 22. Rd2 cxd4 23. cxd4 b6 24. d5 exd5 25. Rxd5 Kg7 26. Rxd8 Rxd8 27. Nd6
f6 28. exf6+ Kxf6 29. Ne4+ 1/2-1/2

[Event "26th WSCC 2016 Open 50+"]
[Site "Marianske Lazne, Czech Republic - Hotel Cristal and Continental"]
[Date "2016.11.29"]
[Round "10.73"]
[White "Svoboda, Frantisek"]
[Black "Petersons, Ojars"]
[Result "1/2-1/2"]
[WhiteElo "1701"]
[BlackElo "1704"]
[PlyCount "72"]
[EventDate "2016.11.19"]

1. d4 f5 2. g3 Nf6 3. Bg2 e6 4. Bg5 Be7 5. Nd2 c6 6. e4 d5 7. Bxf6 Bxf6 8. e5
Be7 9. Nh3 Na6 10. c3 Nc7 11. Nf4 g6 12. Qb3 b6 13. O-O Bg5 14. Qd1 Bxf4 15.
gxf4 Qh4 16. Qf3 Ba6 17. Rfc1 O-O 18. Qg3 Qe7 19. a3 Rac8 20. Bf1 Bxf1 21. Kxf1
Ne8 22. Ke2 Rf7 23. h4 Ng7 24. Kf3 Qb7 25. Kg2 c5 26. Nb3 c4 27. Nd2 Qe7 28.
Kh3 Nh5 29. Qf3 Qf8 30. Rg1 Rg7 31. Nf1 Qe8 32. Ng3 Rcc7 33. Nxh5 gxh5 34. Rg5
Rxg5 35. hxg5 Qg6 36. Kh4 Kg7 1/2-1/2

[Event "26th WSCC 2016 Open 50+"]
[Site "Marianske Lazne, Czech Republic - Hotel Cristal and Continental"]
[Date "2016.11.29"]
[Round "10.74"]
[White "Serafim Junior, Arnor"]
[Black "Macek, Oldrich"]
[Result "1/2-1/2"]
[WhiteElo "1846"]
[BlackElo "1677"]
[PlyCount "102"]
[EventDate "2016.11.19"]

1. c4 Nf6 2. Nf3 g6 3. Nc3 Bg7 4. g3 d6 5. Bg2 O-O 6. O-O e5 7. d3 h6 8. Ne1 c6
9. Rb1 a5 10. a3 d5 11. Qa4 Nbd7 12. b4 Nb6 13. Qb3 a4 14. Qa2 dxc4 15. b5 cxd3
16. exd3 Nbd5 17. Ne2 Be6 18. Qb2 Nd7 19. Qd2 Nc5 20. Qc2 Qd6 21. bxc6 bxc6 22.
Bb2 Nb3 23. Nf3 Rab8 24. Nd2 Nxd2 25. Qxd2 c5 26. Rfc1 Rfc8 27. Qa5 Ra8 28. Qb5
Bd7 29. Qc4 Nb6 30. Qc2 Rab8 31. Nc3 c4 32. Rd1 Qe7 33. Qd2 cxd3 34. Qxd3 Be6
35. Qe2 Nc4 36. Nd5 Bxd5 37. Bxd5 Nxb2 38. Rxb2 Qxa3 39. Ra2 Qb4 40. Qa6 Qb6
41. Qxa4 Rc7 42. Qe4 Kh7 43. Rad2 Rbc8 44. Kg2 f5 45. Qa4 Ra7 46. Qb3 Qxb3 47.
Bxb3 Rc3 48. Be6 Rc6 49. Bd5 Rc5 50. Be6 Rc6 51. Bd5 Rc5 1/2-1/2

[Event "26th WSCC 2016 Open 50+"]
[Site "Marianske Lazne, Czech Republic - Hotel Cristal and Continental"]
[Date "2016.11.29"]
[Round "10.76"]
[White "Svec, Jan"]
[Black "Sand, Rosemarie"]
[Result "1-0"]
[WhiteElo "1717"]
[BlackElo "1763"]
[PlyCount "97"]
[EventDate "2016.11.19"]

1. d4 Nf6 2. Nf3 g6 3. g3 Bg7 4. Bg2 d5 5. O-O O-O 6. Re1 Nbd7 7. Nc3 c5 8. Bf4
a6 9. Be3 cxd4 10. Bxd4 e6 11. e4 dxe4 12. Nxe4 Nxe4 13. Bxg7 Kxg7 14. Rxe4 Nf6
15. Rd4 Qe7 16. Ne5 h5 17. c4 Qc5 18. b3 Qxe5 19. Qd2 Bd7 20. Bxb7 Ra7 21. Bg2
a5 22. Re1 Qc5 23. h3 Bc6 24. Bxc6 Qxc6 25. Rf4 Qc7 26. Qc3 Qd8 27. g4 hxg4 28.
hxg4 Rd7 29. g5 Rh8 30. Qxf6+ Kg8 31. Qxd8+ Rxd8 32. Re2 Kf8 33. c5 Rd1+ 34.
Kg2 Ke7 35. Ra4 Rhh1 36. Rxa5 Rhg1+ 37. Kf3 Rxg5 38. Ra7+ Kf6 39. Rc2 Rf5+ 40.
Ke2 Rd8 41. c6 Re5+ 42. Kf1 Rd1+ 43. Kg2 Rde1 44. f4 Rd5 45. c7 Rdd1 46. c8=Q
Rg1+ 47. Kf3 Rd3+ 48. Kf2 Rgg3 49. Qh8+ 1-0

[Event "26th WSCC 2016 Open 50+"]
[Site "Marianske Lazne, Czech Republic - Hotel Cristal and Continental"]
[Date "2016.11.29"]
[Round "10.77"]
[White "Rehurek, Jiri"]
[Black "Tkadlecek, Petr"]
[Result "0-1"]
[WhiteElo "1633"]
[BlackElo "1733"]
[PlyCount "118"]
[EventDate "2016.11.19"]

1. c4 Nf6 2. Nf3 d5 3. cxd5 Qxd5 4. Nc3 Qa5 5. d3 Bg4 6. e3 e6 7. Bd2 Qh5 8.
Be2 c6 9. Qb3 b6 10. d4 Nd5 11. Ne5 Bxe2 12. Nxe2 Bd6 13. Ng3 Qh4 14. Nf3 Qe7
15. Ne4 Bb4 16. O-O Bxd2 17. Nexd2 O-O 18. Rac1 Rc8 19. a3 Nd7 20. h3 c5 21.
dxc5 Rxc5 22. Rxc5 Nxc5 23. Qb5 h6 24. Rc1 Rd8 25. Qe2 Qd6 26. Nc4 Qb8 27. Rc2
Rc8 28. Ncd2 Rd8 29. Nd4 Qd6 30. N4f3 Nf6 31. Nf1 Nb3 32. N1d2 Nc5 33. Nf1 Nfe4
34. Nd4 e5 35. Nf3 Nd3 36. N1d2 Nexf2 37. Nc4 Qf6 38. Ncxe5 Nxh3+ 39. gxh3 Nxe5
40. Nxe5 Qxe5 41. Qf3 Rd5 42. Rf2 f6 43. Rg2 Qf5 44. Qg3 Qb1+ 45. Kh2 Rg5 46.
Qb8+ Kh7 47. Rxg5 hxg5 48. Qxa7 Qxb2+ 49. Kg3 Qe5+ 50. Kf3 Qd5+ 51. Kg3 Qd6+
52. Kf3 f5 53. Qa8 Qh2 54. Qa6 Qxh3+ 55. Ke2 Qg2+ 56. Ke1 Qc6 57. Kf2 g4 58.
Ke2 Qf3+ 59. Kd2 Qf2+ 0-1

[Event "26th WSCC 2016 Open 50+"]
[Site "Marianske Lazne, Czech Republic - Hotel Cristal and Continental"]
[Date "2016.11.29"]
[Round "10.80"]
[White "Sykora, Ondrej"]
[Black "Kabyzhanov, Bulat"]
[Result "0-1"]
[WhiteElo "2179"]
[BlackElo "2039"]
[PlyCount "52"]
[EventDate "2016.11.19"]

1. e4 c5 2. c3 e6 3. d4 cxd4 4. cxd4 d6 5. Nc3 Nf6 6. Nf3 Be7 7. Bd3 a6 8. O-O
O-O 9. h3 Nc6 10. Be3 b5 11. a3 Bb7 12. Rc1 Rc8 13. Bb1 d5 14. e5 Nd7 15. Qd3
g6 16. h4 Bxh4 17. Nxh4 Qxh4 18. g3 Qh3 19. Qd1 Ncxe5 20. dxe5 Nxe5 21. f3
Qxg3+ 22. Kh1 d4 23. Be4 Ng4 24. fxg4 Qh3+ 25. Kg1 Qxe3+ 26. Rf2 Bxe4 0-1

[Event "26th WSCC 2016 Open 50+"]
[Site "Marianske Lazne, Czech Republic - Hotel Cristal and Continental"]
[Date "2016.11.30"]
[Round "11.1"]
[White "Reprintsev, Alexander"]
[Black "Bagaturov, Giorgi"]
[Result "0-1"]
[WhiteElo "2321"]
[BlackElo "2410"]
[PlyCount "128"]
[EventDate "2016.11.19"]

1. e4 c5 2. b3 e6 3. Bb2 b6 4. Nc3 Bb7 5. Qf3 a6 6. Qg3 Nc6 7. O-O-O Nge7 8. f4
Qc7 9. Nf3 Ng6 10. e5 Nge7 11. Ne4 Nf5 12. Qe1 O-O-O 13. g4 Nfd4 14. Nfg5 d5
15. exd6 Bxd6 16. Nxd6+ Rxd6 17. c3 Nb5 18. Bg2 Rd7 19. Qg3 h6 20. Nf3 Rd3 21.
g5 Ne7 22. gxh6 gxh6 23. Rhf1 Rg8 24. Qf2 Rxg2 25. Qxg2 Qc6 26. Qg7 Rxf3 27.
Qxf7 Rxf1 28. Rxf1 Kd7 29. Re1 Qd6 30. Qf6 Nf5 31. Qf7+ Qe7 32. Qg8 Nbd6 33. c4
Nd4 34. Bxd4 cxd4 35. Qh8 Nf5 36. Qb8 Kc6 37. Qe5 Bc8 38. Kb2 Qd6 39. Qe4+ Kc7
40. a3 Qc6 41. Qxc6+ Kxc6 42. Rg1 h5 43. Rg8 Bb7 44. Rh8 h4 45. Rh7 Bc8 46. b4
Kd6 47. Kc2 Bd7 48. Kb3 a5 49. c5+ bxc5 50. bxc5+ Kc6 51. Kc4 Bc8 52. Ra7 h3
53. Rxa5 Nh4 54. Ra8 Kb7 55. Ra4 Nf3 56. f5 exf5 57. Kd5 Bd7 58. Rb4+ Kc7 59.
Rb6 Nxh2 60. Rh6 f4 61. Kxd4 f3 62. Rf6 Bc6 63. Rf7+ Kd8 64. Rf4 Ng4 0-1

[Event "26th WSCC 2016 Open 50+"]
[Site "Marianske Lazne, Czech Republic - Hotel Cristal and Continental"]
[Date "2016.11.30"]
[Round "11.2"]
[White "Sturua, Zurab"]
[Black "Kalegin, Evgenij"]
[Result "1/2-1/2"]
[WhiteElo "2556"]
[BlackElo "2420"]
[PlyCount "64"]
[EventDate "2016.11.19"]

1. d4 Nf6 2. Nf3 g6 3. g3 Bg7 4. Bg2 O-O 5. O-O d6 6. b3 e5 7. dxe5 Ng4 8. Bb2
Nc6 9. Qc1 Ngxe5 10. Nxe5 Nxe5 11. c4 Rb8 12. Nc3 Be6 13. Rd1 Qe7 14. Qd2 f5
15. Rac1 b6 16. Nd5 Bxd5 17. cxd5 a5 18. Rc2 Rbd8 19. Re1 g5 20. Bxe5 Bxe5 21.
e4 Qg7 22. f4 gxf4 23. gxf4 Bf6 24. Kh1 Kh8 25. exf5 Rg8 26. Re3 Rd7 27. Qc1
Qg4 28. Qf1 Rdg7 29. Rg3 Qxf5 30. Rxg7 Qxc2 31. Rxg8+ Kxg8 32. Qe1 Kg7 1/2-1/2